| Tag |
First Indicator |
Second Indicator |
Subfields |
| LEADER |
00000cam a2200000 4500 |
| 001 |
in00000066880 |
| 005 |
20151008050805.0 |
| 008 |
721207s1963 nyu b 00000 eng u |
| 010 |
|
|
|a 63008916
|
| 035 |
|
|
|a (OCoLC)00509981
|
| 035 |
|
|
|9 AAG3390AM
|
| 040 |
|
|
|c CSU
|d OCL
|d TXA
|d UtOrBLW
|
| 049 |
|
|
|a TXAM
|c [366838]
|
| 050 |
|
0 |
|a HD9698.U52
|b G7 1963
|
| 082 |
0 |
|
|a 328.36
|
| 092 |
|
|
|a 328.36
|b G796g
|
| 100 |
1 |
|
|a Green, Harold P.
|
| 245 |
1 |
0 |
|a Government of the atom ;
|b the integration of powers /
|c [by] Harold P. Green and Alan Rosenthal.
|
| 264 |
|
1 |
|a New York :
|b Atherton Press,
|c 1963.
|
| 300 |
|
|
|a 281p. ;
|c 24cm.
|
| 336 |
|
|
|a text
|b txt
|2 rdacontent
|
| 337 |
|
|
|a unmediated
|b n
|2 rdamedia
|
| 338 |
|
|
|a volume
|b nc
|2 rdacarrier
|
| 490 |
1 |
|
|a The Atherton Press political science series
|
| 500 |
|
|
|a "A study sponsored by the National Law Center of the George Washington University."
|
| 504 |
|
|
|a Includes bibliography.
|
| 610 |
1 |
0 |
|a United States.
|b Congress.
|b Joint Committee on Atomic Energy.
|
| 700 |
1 |
|
|a Rosenthal, Alan.
|
| 830 |
|
0 |
|a Atherton Press political science series.
|
| 999 |
|
|
|a MARS
|
| 999 |
f |
f |
|s c092cfb3-857c-3a0d-af53-ebbd66e41b1a
|i 5bf922be-1c31-35e3-a2f1-351f75c4c8de
|t 0
|
| 952 |
f |
f |
|p ric
|a Texas A&M University
|b Rellis Campus
|c Joint Library Facility
|d Remote Storage
|t 0
|e HD9698.U52 G7 1963
|h Library of Congress classification
|i unmediated -- volume
|m A14800681560
|
| 998 |
f |
f |
|a HD9698.U52 G7 1963
|t 0
|l Remote Storage
|